| 000 | 01053cab a22002055a 4500 | ||
|---|---|---|---|
| 001 | L145575 | ||
| 008 | 081023e20081003xxk f v 000 0 eng d | ||
| 035 | _a(Sirsi) u145575 | ||
| 041 | 0 | _aeng | |
| 100 | 1 | _aRoss, Jonathan | |
| 245 | 0 | 0 | _aStubbed out |
| 260 | _c2008 | ||
| 490 | 0 |
_aProperty Week _v73(40) 3 October 2008, 73(1) |
|
| 520 | _aSummarises the case of Fosse Motor Engineers Ltd & Ors v Conde Nast and National Magazine Distributors Ltd & Anor [2008] EWHC 2037 (TCC), 20 August 2008 (see L145574). Clear evidence is needed to establish that a party is the probable, rather than possible, cause of a fire. It had been for a warehouse owner to prove on the balance of probabilities that a fire which destroyed its property had been caused by the negligence of a tenant's workers, which it had failed to do. | ||
| 590 | _aKA | ||
| 650 | 2 | 4 | _aFOSSE MOTOR ENGINEERS LTD & ORS V CONDE NAST AND NATIONAL MAGAZINE DISTRIBUTORS LTD & ANOR |
| 651 | 4 |
_aEngland and Wales _y1543- |
|
| 690 | _aMANAGEMENT-HEALTH AND SAFETY-FIRE SAFETY | ||
| 942 | _n0 | ||
| 999 |
_c80885 _d80885 |
||